MARC details
| 000 -LEADER |
| fixed length control field |
00901nam a22002537a 4500 |
| 003 - CONTROL NUMBER IDENTIFIER |
| control field |
MOSTI LIBRARY |
| 005 - DATE AND TIME OF LATEST TRANSACTION |
| control field |
20260522103803.0 |
| 008 - FIXED-LENGTH DATA ELEMENTS--GENERAL INFORMATION |
| fixed length control field |
260522b |||||||| |||| 00| 0 eng d |
| 020 ## - INTERNATIONAL STANDARD BOOK NUMBER |
| International Standard Book Number |
9747576449 |
| 040 ## - CATALOGING SOURCE |
| Transcribing agency |
MOSTI LIBRARY |
| 090 00 - LOCALLY ASSIGNED LC-TYPE CALL NUMBER (OCLC); LOCAL CALL NUMBER (RLIN) |
| Classification number (OCLC) (R) ; Classification number, CALL (RLIN) (NR) |
338.927 |
| Local cutter number (OCLC) ; Book number/undivided call number, CALL (RLIN) |
TEC |
| 110 10 - MAIN ENTRY--CORPORATE NAME |
| Corporate name or jurisdiction name as entry element |
APEC Center for Technology Foresight / APEC Secretariat |
| 245 10 - TITLE STATEMENT |
| Title |
Technology Foresight (Second Edition) : |
| Remainder of title |
Proceedings of the APEC Symposium on Technology Foresight |
| 264 ## - PRODUCTION, PUBLICATION, DISTRIBUTION, MANUFACTURE, AND COPYRIGHT NOTICE |
| Place of production, publication, distribution, manufacture |
Thailand, |
| Name of producer, publisher, distributor, manufacturer |
APEC, |
| Date of production, publication, distribution, manufacture, or copyright notice |
1997 |
| 300 ## - PHYSICAL DESCRIPTION |
| Extent |
221 pages; |
| Other physical details |
illustrations, charts; |
| Dimensions |
30 cm |
| 336 ## - CONTENT TYPE |
| Authority record control number or standard number |
rdacontent |
| 337 ## - MEDIA TYPE |
| Source |
rdacarrier |
| 338 ## - CARRIER TYPE |
| Authority record control number or standard number |
rdacarrier |
| 650 10 - SUBJECT ADDED ENTRY--TOPICAL TERM |
| Topical term or geographic name entry element |
Technology forecasting |
| General subdivision |
Congresses |
| Geographic subdivision |
Asia-Pacific Region |
| 650 20 - SUBJECT ADDED ENTRY--TOPICAL TERM |
| Topical term or geographic name entry element |
Technological innovations |
| Form subdivision |
Government policy |
| General subdivision |
Economic aspects |
| 650 20 - SUBJECT ADDED ENTRY--TOPICAL TERM |
| Topical term or geographic name entry element |
Asia-Pacific Economic Cooperation (Organization) |
| General subdivision |
Congresses |
| 942 ## - ADDED ENTRY ELEMENTS (KOHA) |
| Source of classification or shelving scheme |
Dewey Decimal Classification |
| Koha item type |
Book |
| Suppress in OPAC |
No |
| 949 ## - LOCAL PROCESSING INFORMATION (OCLC) |
| 0 |
019236 |